| 000 | 01097nam a2200289 i 4500 | ||
|---|---|---|---|
| 001 | 184225 | ||
| 003 | ES-MaACL | ||
| 005 | 20250815140002.0 | ||
| 008 | 150522s1973 sp ao e |||| |dspa d | ||
| 020 | _a84-7017-384-7 | ||
| 080 | _a75(492):069.538.7(492.62A.) | ||
| 100 | 1 |
_aFaggin, Giorgio T. _9150510 |
|
| 245 | 1 | 0 |
_aRijksmuseum _b: pintura : Amsterdam / _c[introducción de Gerard Van der Hoek ; textos de Giorgio T. Faggin, Raffaele Monti, Ugo Ruggeri ; traducción de Máximo Cortini]. |
| 246 | 3 | 4 | _aEnciclopedia de los museos |
| 260 |
_aBarcelona : _bArgos, _c[1973] |
||
| 300 |
_a172 p. : _bil. col., fot. ; _c29 cm. |
||
| 490 | 1 |
_aEnciclopedia de los museos ; _v5 |
|
| 500 | _aÍndices. | ||
| 504 | _aBibliografía: p. 168. | ||
| 610 | 2 | 4 |
_aRijksmuseum (Amsterdam) _96450 |
| 650 | 7 |
_aPintura holandesa _2embne _9159995 |
|
| 700 | 1 |
_aCortini, Máximo. _940954 |
|
| 830 | 0 |
_aEnciclopedia de los museos ; _v5 _9192084 |
|
| 852 |
_aES-MaACL _jE-15635 _z- enc. guaflex |
||
| 852 |
_aES-MaACL _jL-30410 _z- enc. guaflex _z. - Donat. Miguel A. Velasco |
||
| 999 |
_c184225 _d184225 |
||